تخطي إلى المحتوى
Inicio
Centros participantes
Catálogo
Servicios
Contacto
تسجيل الدخول
English
Deutsch
Español
Français
Italiano
日本語
Nederlands
Português
Português (Brasil)
中文(简体)
中文(繁體)
Türkçe
עברית
Gaeilge
Cymraeg
Ελληνικά
Català
Euskara
Русский
Čeština
Suomi
Svenska
polski
Dansk
slovenščina
اللغة العربية
বাংলা
Galego
Tiếng Việt
Hrvatski
हिंदी
Հայերէն
Українська
Sámegiella
اللغة
كل الحقول
العنوان
المؤلف
الموضوع
رقم الاستدعاء
ردمك/تدمد
الوسم
ابحث
بحث متقدم
El Dilema de América Latina. E...
استشهد بهذا
أرسل هذا بالبريد الإلكتروني
طباعة
تصدير التسجيلة
تصدير إلى RefWorks
تصدير إلى EndNoteWeb
تصدير إلى EndNote
أضف إلى المفضلة
رابط دائم
إضافة أول تقييم
El Dilema de América Latina. Estructuras del poder y fuerzas insurgentes
محفوظ في:
التفاصيل البيبلوغرافية
المؤلف الرئيسي:
Ribeiro, Darcy
التنسيق:
نص
منشور في:
México, D.F:
Siglo XXI
الطبعة:
4
الوسوم:
إضافة وسم
لا توجد وسوم, كن أول من يضع وسما على هذه التسجيلة!
المقتنيات
الوصف
التعليقات
مواد مشابهة
عرض للأخصائي
MARC
LEADER
00000 a a2200000 04500
001
25752
003
040
090
|a
173700
100
|a
Ribeiro, Darcy
245
|a
El Dilema de América Latina. Estructuras del poder y fuerzas insurgentes
250
|a
4
260
|a
México, D.F:
|b
Siglo XXI
300
|a
358 p
999
|c
17291
|d
17291
مواد مشابهة
El dilema de América Latina : estructuras de poder y fuerzas insurgentes /
حسب: Ribeiro, Darcy 1922-1997
منشور في: (1979)
El dilema de América Latina : estructuras de poder y fuerzas insurgentes /
حسب: Ribeiro, Darcy 1922-1997
منشور في: (1975)
El dilema de América Latina : estructuras de poder y fuerzas insurgentes /
حسب: Ribeiro, Darcy 1922-1997
منشور في: (1975)
Jornaleras, temporeras y bóais frias. El Rostro femenino del mercado de trabajo rural en América Latina Instituto de Investigaciones de las Naciones Unidas para el desarrollo Social
حسب: Lara Flores, Sara María
De la abolición del ejército al premio nobel de la paz: ideas, poder y estrategias de desarrollo durante cuatro decadas de la economía política costarricense
حسب: Doryan Garrón, Eduardo